Minecraft Loot: Jungle Pyramid - Statistics

General Stats
  • This quiz has been taken 11 times
  • The average score is 8 of 14
Answer Stats
Pool Item Stack Size Weight % Correct
Pool 1(2-6) Bone 4-6 22%
90%
Pool 1(2-6) Diamond 1-3 3.4%
90%
Pool 1(2-6) Gold Ingot 2-7 17%
80%
Pool 1(2-6) Iron Ingot 1-5 11%
80%
Pool 1(2-6) Emerald 1-3 2.2%
70%
Pool 1(2-6) Rotten Flesh 3-7 18%
60%
Pool 2(1) Wild Armor Trim 2 33%
50%
Pool 1(2-6) Copper Horse Armor 1 1.1%
40%
Pool 1(2-6) Diamond Horse Armor 1 1.1%
40%
Pool 1(2-6) Golden Horse Armor 1 1.1%
40%
Pool 1(2-6) Iron Horse Armor 1 1.1%
40%
Pool 1(2-6) Leather 1-5 3.4%
40%
Pool 1(2-6) Bamboo 1-3 17%
30%
Pool 1(2-6) Enchanted Book 1 1.1%
30%
No matching quizzes found
Score Distribution
Percent of People with Each Score
Percentile by Number Answered
Your Score History
You have not taken this quiz